ნორმალური ფორმატი
MARC ფორმატი
ჩანაწერი Corporate Name
ჩანაწერთა რაოდენობა, რომელიც გამოყენებულია: 1
001 - CONTROL NUMBER
- control field: 11115
003 - CONTROL NUMBER IDENTIFIER
- control field: GE_BSU
005 - DATE AND TIME OF LATEST TRANSACTION
- control field: 20210406142843.0
008 - FIXED-LENGTH DATA ELEMENTS
- fixed length control field: 210406|| aca||aabn | a|a d
040 ## - CATALOGING SOURCE
- Original cataloging agency: GE_BSU
- Transcribing agency: GE_BSU
110 ## - HEADING--CORPORATE NAME
- Corporate name or jurisdiction name as entry element: ბსუ
- Subordinate unit: ჰუმანიტარულ მეცნიერებათა ფაკულტეტი
670 ## - SOURCE DATA FOUND
- Source citation: Work cat.: (GE_BSU)55447: ქამადაძე, ლელა 11114, ანდაზის სტრუქტურულ-სემანტიკური და ეთნოკულტურულითავისებურებანი :
